000 01066nam a2200205 a 4500
999 _c1724
_d1724
003 AR-BaISA
005 20250205150844.0
007 ta
008 250205s2020 ag ado|f ||||f000 0 spa d
040 _bspa
_cAR-BaISA
082 0 4 _222
_a362.829 M663a
245 1 0 _aAtención de la salud integral de personas trans, travestis y no binarias:
_bguía para los equipos de salud
260 _aBuenos Aires:
_bMinisterio de Salud,
_c2020
300 _a113 p.:
_bil., graf., fotos.
504 _aBibliografía p.: 104-113
505 _tEl derecho a la identidad de género y a la atención de la salud integral: marco legal --
_tExpresiones e identidades de género --
_tPoblación trans y travesti: mapa de la situación sociosanitaria en Argentina --
_tSalud integral de las personas trans, travestis y no binarias: abordaje desde el equipo de salud --
_tAtención de la salud en relación a la construcción de la corporalidad y la expresión de género
650 1 4 _93318
_aAtención integral de salud
650 1 4 _92922
_aPerspectiva de genero
942 _2ddc
_cLI
_e22